Central Library OPAC University of Rajshahi

10th All India Congress of Zoology, 14th-18th October, 1998 : (Record no. 68386)

MARC details
000 -LEADER
fixed length control field 00887nam a2200253 a 4500
001 - CONTROL NUMBER
control field 68386
003 - CONTROL NUMBER IDENTIFIER
rucl marc code BD-RjUL
005 - DATE AND TIME OF LATEST TRANSACTION
control field 20211209081749.0
008 - FIXED-LENGTH DATA ELEMENTS--GENERAL INFORMATION
fixed length control field 000818s2000 ii a b 100 0 eng
020 ## - INTERNATIONAL STANDARD BOOK NUMBER
International Standard Book Number 8170352304
035 ## - SYSTEM CONTROL NUMBER
System control number BD-RjUL)68596
040 ## - CATALOGING SOURCE
Original cataloging agency DLC
Transcribing agency DLC
Modifying agency DLC
-- BD-RjUL
Language of cataloging eng
041 ## - LANGUAGE CODE
Language code of text/sound track or separate title eng
082 00 - DEWEY DECIMAL CLASSIFICATION NUMBER
Edition number 23
Classification number 590
Author mark and year TEN 2000
245 10 - TITLE STATEMENT
Title 10th All India Congress of Zoology, 14th-18th October, 1998 :
Remainder of title advances in zoology, environmental degradation, and biodiversity /
Statement of responsibility, etc. edited by B.N. Pandey & B.K. Singh.
260 ## - PUBLICATION, DISTRIBUTION, ETC. (IMPRINT)
Place of publication, distribution, etc. Delhi :
Name of publisher, distributor, etc. Daya Pub. House,
Date of publication, distribution, etc. 2000.
300 ## - PHYSICAL DESCRIPTION
Pagination xvii, 291 p. :
Illustrations ill. ;
Size 26 cm.
504 ## - BIBLIOGRAPHY, ETC. NOTE
Bibliography, etc Includes bibliographical references.
520 ## - SUMMARY, ETC.
Summary, etc. Also includes proceedings of another national symposium.
650 #0 - SUBJECT ADDED ENTRY--TOPICAL TERM
Topical term or geographic name as entry element Zoology
Form subdivision Congresses.
9 (RLIN) 202745
700 1# - ADDED ENTRY--PERSONAL NAME
Personal name Pandey, B. N.,
Dates associated with a name 1946-
Personal name Singh, B. K.
942 ## - ADDED ENTRY ELEMENTS (KOHA)
Source of classification or shelving scheme Dewey Decimal Classification
Koha item type Books
Holdings
Lost status Source of classification or shelving scheme Damaged status Not for loan Collection code Permanent Location Current Location Shelving location Date acquired Source of acquisition Cost, normal purchase price Total Checkouts Full call number Date last seen Copy number Koha item type
  Dewey Decimal Classification   Not For Loan Non-fiction Central Library, University of Rajshahi Central Library, University of Rajshahi Reading Room 03/11/2002 Paragon Enterprise ltd., Dhaka 984.00   590 TEN 2000 02/04/2017 C-1 Books
  Dewey Decimal Classification     Non-fiction Central Library, University of Rajshahi Central Library, University of Rajshahi   03/11/2002 Paragone. Dhaka 984.00   590 TEN 2000 22/05/2017 C-2 Books